Recursos de la tierra: origen, uso e impacto ambiental (Registro nro. 2309)
[ vista simple ]
| 000 -Cabecera | |
|---|---|
| Campo de control de longitud fija | 01124aam a2200433 4500 |
| 005 - Fecha y hora de la última transacción | |
| Campo de control | 20240503154004.0 |
| 008 - Elementos de longitud fija--Información general | |
| Campo de control de longitud fija | 150424b xxu||||| |||| 00| 0 spa d |
| 020 ## - International Standard Book Number | |
| Número Internacional Estándar del Libro (ISBN) | 9788420550329 |
| 041 ## - Idioma | |
| Código de idioma | Español |
| 082 ## - Clasificación Decimal Dewey | |
| Número de clasificación | 551.1 C887r |
| 100 ## - Entrada principal--Autor personal | |
| Nombre personal | Craig, Tames R. |
| 100 ## - Entrada principal--Autor personal | |
| Nombre personal | Vaughan, David J. |
| 9 (RLIN) | 19759 |
| 100 ## - Entrada principal--Autor personal | |
| Nombre personal | Skinner, Brian J. |
| 245 ## - Título propiamente dicho | |
| Título | Recursos de la tierra: origen, uso e impacto ambiental |
| 260 ## - Pie de imprenta | |
| Lugar de publicación, distribución, etc. | Español |
| 260 ## - Pie de imprenta | |
| Nombre del editor, distribuidor, etc. | Pearson Educación |
| 260 ## - Pie de imprenta | |
| Fecha de publicación, distribución, etc. | 2007 |
| 300 ## - Descripción física | |
| Extensión | 656 páginas |
| 650 ## - Materia general | |
| Temática (materia general) | GEOLOGÍA |
| 650 ## - Materia general | |
| Temática (materia general) | ORIGEN DE LOS RECURSOS |
| 650 ## - Materia general | |
| Temática (materia general) | RECURSOS NATURALES |
| 650 ## - Materia general | |
| Temática (materia general) | MINERALES |
| 650 ## - Materia general | |
| Temática (materia general) | TECTÓNICA DE LAS PLACAS |
| 650 ## - Materia general | |
| Temática (materia general) | IMPACTO AMBIENTAL |
| 650 ## - Materia general | |
| Temática (materia general) | RECURSOS DE LA TIERRA |
| 650 ## - Materia general | |
| Temática (materia general) | CONSTRUCCIÓN |
| 650 ## - Materia general | |
| Temática (materia general) | INDUSTRIA |
| 650 ## - Materia general | |
| Temática (materia general) | AGUA |
| 650 ## - Materia general | |
| Temática (materia general) | SUELO |
| 650 ## - Materia general | |
| Temática (materia general) | RECURSOS DEL FUTURO |
| 650 ## - Materia general | |
| Temática (materia general) | RECURSOS GEOLÓGICOS |
| 650 ## - Materia general | |
| Temática (materia general) | EXPLOTACIÓN DE RECURSOS |
| 650 ## - Materia general | |
| Temática (materia general) | ENERGÍA |
| 650 ## - Materia general | |
| Temática (materia general) | COMBUSTIBLES FÓSILES |
| 650 ## - Materia general | |
| Temática (materia general) | ENERGÍA NUCLEAR |
| 650 ## - Materia general | |
| Temática (materia general) | FERTILIZANTES |
| 942 ## - Punto de acceso adicional KOHA | |
| Tipo de ítem KOHA | Libro |
| Fuente del sistema de clasificación o colocación | Dewey Decimal Classification |
| Signatura completa | Código de barras | Programa Académico | Tipo de ítem |
|---|---|---|---|
| 551.1 C887r | 15155 | Turismo | Libro |